| 000 | 00820nam a2200241Ia 4500 | ||
|---|---|---|---|
| 008 | 191130s2000##################000#0#eng## | ||
| 020 | _a1858987555 | ||
| 022 | _a99055241 | ||
| 040 |
_aACL _cACL |
||
| 082 | _a338.064 STE.1 | ||
| 245 |
_aThe economics of science and innovation _cedited by Paula E. Stephan and David B. Audretsch |
||
| 260 |
_aAldershot, Hants, England ; Brookfield, Vt., USA _bE. Elgar Pub _cc2000 |
||
| 300 | _a2 v. : ill. ; 26 cm | ||
| 500 | _aIncludes bibliographical references and index | ||
| 650 | _aResearch - Economic aspects | ||
| 650 | _aScience - Economic aspects | ||
| 650 | _aTechnological innovations - Economic aspects | ||
| 700 | _aAudretsch, David B | ||
| 700 | _aStephan, Paula E | ||
| 990 | _a528db011ac10000c79b233d913ecd954 | ||
| 991 | _a169367 | ||
| 999 |
_c303418 _d303418 |
||